Statistiques concernant Notes joueurs fifa 15

Cliquez ici pour prendre le quiz!

Statistiques générales

  • Ce quiz a été pris 303 fois
  • Le résultat moyen est 34 sur 35

Statistiques - réponses

PlayersRéponse% Correct
Lionel Messi93
100%
David Alaba83
99%
Iker Casillas84
99%
Giorgio Chiellini84
99%
Javi Martinez85
99%
Petr Cech85
99%
Kevin De Bruyne85
99%
Arturo Vidal85
99%
Diego Costa85
99%
Karim Benzema85
99%
Wayne Rooney86
99%
Neymar Jr86
99%
James Rodriguez86
99%
Thiago SIlva87
99%
Luka Modric87
99%
Philipp Lahm87
99%
Eden Hazard88
99%
Radamel Falcao88
99%
Robin Van Persie88
99%
Luis Suarez89
99%
manuel Neuer90
99%
Arjen Robben90
99%
Zlatan Ibrahimovic90
99%
Cristiano Ronaldo92
99%
Bruma74
98%
Antonio Rudiger74
98%
Jack Grealish71
97%
Bernardo Silva75
97%
Heung Min Son76
97%
Ronaldinho78
97%
Paulo Dybala77
96%
Mohamed Salah77
96%
Raheem Sterling80
96%
Douglas Costa80
96%
Yuri Berchiche70
93%

Distribution des résultats

Percentile par nombre de réponses

% des personnes avec chaque résultat

Votre développement - résultats

Vous n’avez pas pris ce quiz